000
00331nam a22001457a 4500
008
210308b ||||| |||| 00| 0 eng d
020
_a
9780534242527
041
_a
eng
080
_a
541
082
_a
541
100
_a
12
101
_a
KIM
245
_a
General,Organic ,aand Biological Chemistry
_c
Lygre,G.D
942
_2
udc
_c
BK
999
_c
55967
_d
55967